LEADER 01053nam a2200277 i 4500 001 000000142119 003 CaOOAMICUS 005 20050830000000.0 008 050830s2000 it u000 u ita u 013 $a117313 020 $a88-315-1944-1 040 $aSeMil$bita 100 1 $aSaporiti, Angelo.$0(OLS)http://semarc/name/57076 245 10$aAmica radio :$buna voce nell'etere /$cAngelo Saporiti. 260 $aMilano :$bPaoline,$ccopyr. 2000. 300 $a158 p. ;$c21 cm. 490 0 $aMedialogo ;$v10 500 $aContiene : Bibliografia essenziale. 650 4$aRadio.$0(OLS)http://semarc/subject/15359 830 0$aMedialogo ;$v10.$0(OLS)http://semarc/title/18660 850 $aSeMil 852 $aSeMil$W1$xVenegono$y1$m3M I 48$j95308$B95308$CSeMilBibl$Z2$F105792 $81 961 $aLascito: Fusetti don Franco 996 $6020$a88-315-1944-1$9(OLS)http://semarc/number/130390 996 $6245$aAmica radio :$buna voce nell'etere$9(OLS)http://semarc/title/207760 996 $6260$aMilano :$bPaoline$9(OLS)http://semarc/publisher/29684 LEADER 01861nam a2200313 4500 001 000000354373 003 CaOOAMICUS 005 20230622095159.0 008 230622s2018 ne 100 u eng r 020 $a978-90-485-3342-8 040 $aSeMil$bita 245 00$aReading Etty Hillesum in context :$bwritings, life, and influences of a visionary author /$cedited by Klaas Smelik, Gerrit Van Oord, Jurjen Wiersma ; contributions by Anna Alufi Pentini [et al.] ; in cooperation with Julie Benschop-Plokker [et al.]. 264 1$aAmsterdam :$bAmsterdam University Press,$c2018. 300 $a524 p. ;$c24 cm 500 $aRaccoglie una serie di contributi rivisti del Second International Etty Hillesum Congress, Etty Hillesum Research Centre of Ghent University, gennaio 2014 600 14$aHillesum, Etty <1914-1943>.$0(OLS)http://semarc/subject/18008 650 4$aHillesum, Etty <1914-1943> - Diari e memorie.$0(OLS)http://semarc/subject/53960 650 4$aOlocausto <1939-1945> - Ebrei - Paesi Bassi.$0(OLS)http://semarc/subject/53959 700 1 $aAluffi Pentini, Anna.$0(OLS)http://semarc/name/70960 700 1 $aBenschop, Julie.$0(OLS)http://semarc/name/117780 700 1 $aSmelik, Klaas A. D.,$d<1950- >.$0(OLS)http://semarc/name/78868 700 1 $aOord, Gerrit : van,$d<1948- >.$0(OLS)http://semarc/name/117778 700 1 $aWiersma, Jurjen,$d<1943- >.$0(OLS)http://semarc/name/117779 850 $aSeMil 852 $aSeMil$W1$xVenegono$y1$m3J V 51$j241665$B245633$CSeMilBibl$Z2$F245633 $81 996 $6020$a978-90-485-3342-8$9(OLS)http://semarc/number/298398 996 $6245$aReading Etty Hillesum in context :$bwritings, life, and influences of a visionary author$9(OLS)http://semarc/title/444510 996 $6264$aAmsterdam :$bAmsterdam University Press$9(OLS)http://semarc/publisher/60539 LEADER 00913nam a2200217 i 4500 001 000000197195 003 CaOOAMICUS 005 20110309000000.0 008 110309s1973 it u000 u ita u 013 $a175882 040 $aSeMil$bita 245 10$aBreve storia del regime fascista dalle origini alla repubblichina di Salò. 250 $a2. ed. riveduta. 260 $a[S.l.] :$bEd. Movimento Studentesco,$c1973. 300 $a88 p. :$bill. ;$c22 cm. 650 4$aFascismo - Storia.$0(OLS)http://semarc/subject/2457 850 $aSeMil 852 $aSeMil$W1$xVenegono$y1$m3U III 430$j147754$B147754$CSeMilBibl$Z2$F166462 $81 961 $aOmaggio: Grampa dott. Cesare 996 $6245$aBreve storia del regime fascista dalle origini alla repubblichina di Salò$9(OLS)http://semarc/title/284710 996 $6260$a[S.l.] :$bEd. Movimento Studentesco$9(OLS)http://semarc/publisher/48142